| 000 | 00655nam a2200205 a 4500 | ||
|---|---|---|---|
| 005 | 20240228064124.0 | ||
| 008 | 140401s1999 es r 000 0 spa d | ||
| 020 | _a8495123363 | ||
| 035 | _aUPN01000196727 | ||
| 049 | _aI | ||
| 050 | 4 |
_aPZ71 _bA4.23 |
|
| 100 | 1 |
_aAlvarez Cáccamo, Xosé María, _d1950- _935418 |
|
| 245 | 1 | 0 |
_aA cazar palabras : _cPepe Cáccamo ; il. Ma. Xosé Fernández. |
| 260 |
_aPontevedra, Esp. : _bKalandraka, _c1999. |
||
| 300 |
_a[25] p. : _bprincipalmente il. col. |
||
| 440 | 0 | _aLibros para soñar | |
| 650 | 7 |
_aLibros ilustrados para niños _2 _921365 |
|
| 650 | 4 |
_aLibros y lectura para niños _92290 |
|
| 905 | _aInfantil | ||
| 999 |
_c168828 _d168828 |
||